| 000 | 00944nam a2200229 a 4500 | ||
|---|---|---|---|
| 005 | 20251210064030.0 | ||
| 008 | 991125s1997 mx 000 0 spa u | ||
| 035 | _aUPN01000002043 | ||
| 049 | _aTES | ||
| 099 | _a12965 | ||
| 100 | 1 | _aMéndez Jiménez, José Ernesto | |
| 245 | 1 | 4 |
_aUna alternativa para abatir el bajo aprendizaje, provocado por el ausentismo de los alumnos del primer grado "A", de la escuela primaria Miguel Hidalgo, de Alto de Tío Diego, Tepetlán Ver. / _cJosé Ernesto Méndez Jiménez. |
| 260 |
_aXalapa : _bJ. E. Méndez Jiménez, _c1997. |
||
| 300 | _a106 h. | ||
| 500 | _a"Unidad 301" | ||
| 502 | _aPropuesta pedagógica (Lic. en Educación Básica) -- Universidad Pedagógica Nacional, 1997 | ||
| 650 | 4 |
_aAsistencia escolar _9184 |
|
| 650 | 4 |
_aEducación primaria _91552 |
|
| 650 | 4 |
_aRendimiento académico _93961 |
|
| 710 | 2 |
_aUniversidad Pedagógica Nacional (México). _bUnidad 301 _928478 |
|
| 905 | _aTesis | ||
| 999 |
_c2043 _d2043 |
||